000 00506 a2200193 4500
001 61415
005 20260407155904.0
008 260407a arg spa d
003 AR-UNSa-BCEJYS
040 _aAR-UNSa-BCEJYS
_bspa
_cAR-UNSa-BCEJYS
080 _a347
_xDerecho Civil
245 1 0 _aDerecho Privado
_pNociones generales
264 1 _aBuenos Aires :
_b[s.n.]
300 _a318 p.
_c22 cm.
041 _aspa
942 _cBK
590 _aniveau_biblio:m niveau_hierar:0
100 1 _aFrutos, Pedro
999 _c7295
_d7295